00767cam a22002415a 450000100060000000300100000600500170001600700030003300800410003602000150007704000260009210000300011824500690014825000180021730000380023533600270027333700330030033800280033365000090036194200120037099900170038295201260039958095CO-BoRNBP20250815203846.0ta040127s1989 ck gr 000 j spa  a9580408505 aCO-BoBNbspacCO-BoBN1 aVincent, Gabrielle96242910aErnesto y Celestina, Ernesto está enfermo /cGabrielle Vincent a1a. edición a[26] p. :bil. col. ;c21 x 24 cm 2rdacontentatextobtxt 2rdamediaasin mediaciónbn 2rdacarrieravolumenbnc 2LEMB 2ddccBK c58095d58095 00102lcc40708INFaMESJUANIbMESJUANIcSInfd2025-08-15l0oA VICpSJU01331r2025-08-15 20:39:26tEj.1w2025-08-15yBK